Obra polémica /

Tras la mengua económica sufrida en México durante los años sesenta, las comunidades indígenas se encontraban en niveles angustiosos de miseria y explotación. Por haber contribuido dos décadas antes a sentar las bases de la política nacional hacia el indígena, es significativo que Aguirre Beltrán, g...

Descripción completa

Detalles Bibliográficos
Autor principal: Aguirre Beltrán, Gonzalo 1908-
Formato: Libro
Lenguaje:español
Publicado: México Fondo de Cultura Económica 1992
Edición:2a. ed.
Colección:Obras de antropología 11
Materias:
Acceso en línea:

MARC

LEADER 00000cam a2200000 a 4500
001 023221
003 UAHC_CL
005 20170803122224.0
008 110801s1992 mx 000 spa
020 |a 9681638484 
040 |a UAHC_CL  |c UAHC_CL  |d UAHC_CL 
082 0 4 |a 972.021  |b A284  |2 20 
100 1 |a Aguirre Beltrán, Gonzalo  |d 1908- 
245 1 0 |a Obra polémica /  |c Gonzalo Aguirre Beltrán. 
250 |a 2a. ed. 
260 |b Fondo de Cultura Económica  |a México  |c 1992 
300 |a 235 p. 
490 0 |a Obras de antropología  |v 11 
520 |a Tras la mengua económica sufrida en México durante los años sesenta, las comunidades indígenas se encontraban en niveles angustiosos de miseria y explotación. Por haber contribuido dos décadas antes a sentar las bases de la política nacional hacia el indígena, es significativo que Aguirre Beltrán, gran antropólogo, abordase la discusión del tópico no en términos apologistas sino con un cariz de revisión. 
521 |a Antropología latinoamericana 
650 4 |a Indios de México  |x Leyes y legislación 
650 4 |a Indios de Hispanoamérica  |x Leyes y legislación 
653 |a OB. ANTROPOLOGIA 
658 |a Espinoza, Claudio 
900 |a 972.021 AGU 
942 |c BK 
952 |0 0  |1 0  |4 0  |6 972_021000000000000_AGU  |7 0  |8 General  |9 46254  |a BC  |b BC  |c General  |d 2017-08-03  |l 0  |o 972.021 AGU  |p 1392008  |r 2026-01-13 00:00:00  |t 1  |w 2017-08-03  |y BK 
952 |0 0  |1 0  |4 0  |6 972_021000000000000_AGU  |7 0  |8 General  |9 46255  |a BC  |b BC  |c General  |d 2017-08-03  |l 0  |o 972.021 AGU  |p 1392009  |r 2026-01-13 00:00:00  |t 2  |w 2017-08-03  |y BK 
999 |c 23221  |d 23221